000
00383nam a22001697a 4500
003
MPLRDC
005
20220104142912.0
008
210129b ||||| |||| 00| 0 eng d
082
_a
192.32 YZ
100
_a
玉竹编译
245
_a
说话的艺术
_c
260
_a
_b
信宏出版社
_c
1981
300
_b
平
490
_a
修养系列
650
_a
942
_c
BK
_o
192.32 YZ
999
_c
34713
_d
34703